Odpadové materiály vznikajúce pri použití streliva
Gespeichert in:
| 1. Verfasser: | |
|---|---|
| Weitere Verfasser: | |
| Format: | Manuskript Buch |
| Sprache: | Slowakisch |
| Veröffentlicht: |
2022
|
| Schlagworte: | |
| Online-Zugang: | http://is.stuba.sk/zp/portal_zp.pl?podrobnosti=164359 |
| Tags: |
Keine Tags, Fügen Sie das erste Tag hinzu!
|
MARC
| LEADER | 00000ntm a22000003a 4500 | ||
|---|---|---|---|
| 001 | stuzp89777 | ||
| 003 | SK-STU | ||
| 005 | 20220611212827.9 | ||
| 007 | ta | ||
| 008 | 150427s2015----xo-----f-mn---000-0-slo-d | ||
| 040 | |a STU |b slo | ||
| 041 | 0 | |a slo | |
| 100 | 1 | |a Mĺkvy, Ivan |u 065000 |k Z4 |4 aut |U MTF Materiálovotechnologická fakulta |T MTF Ústav integrovanej bezpečnosti |X 5591 |U M5000 |Y 85 |7 5591 | |
| 242 | 0 | 1 | |a Waste materials generated by the use of ammunition |y eng |
| 245 | 1 | 0 | |a Odpadové materiály vznikajúce pri použití streliva |
| 260 | |c 2022 | ||
| 650 | 4 | |a odpad |2 slo | |
| 650 | 4 | |a olovo |2 slo | |
| 650 | 4 | |a nábojnica |2 slo | |
| 650 | 4 | |a strelivo |2 slo | |
| 650 | 4 | |a projektil |2 slo | |
| 650 | 4 | |a waste |2 eng | |
| 650 | 4 | |a bullet |2 eng | |
| 650 | 4 | |a lead |2 eng | |
| 650 | 4 | |a casing |2 eng | |
| 650 | 4 | |a projectile |2 eng | |
| 700 | 1 | |a Blinová, Lenka |u 065100 |k Z1 |4 ths |U MTF Ústav integrovanej bezpečnosti |T MTF Katedra environmentálneho inžinierstva |X 34036 |U M5100 |Y 194 |7 A000034036 | |
| 856 | 4 | |u http://is.stuba.sk/zp/portal_zp.pl?podrobnosti=164359 | |
| 996 | |c M* DP-14979 |l MMSKP |s P |a 0 |w stuzp89777_0001 | ||